logo

Bir Sreshtho Munshi Abdur Rouf Library
Jhenaidah Cadet College

Newspapers to-day / (Record no. 7933)

MARC details
000 -LEADER
fixed length control field 00712cam a22002651 4500
001 - CONTROL NUMBER
JCCL Control Number 7933
003 - CONTROL NUMBER IDENTIFIER
JCCL marc code BD-JhCC
005 - DATE AND TIME OF LATEST TRANSACTION
control field 20180716185938.0
008 - FIXED-LENGTH DATA ELEMENTS--GENERAL INFORMATION
fixed length control field 760928s1956 enk 000 0 eng
035 ## - SYSTEM CONTROL NUMBER
system control number (BD-JhCC)7933
035 ## - SYSTEM CONTROL NUMBER
system control number (OCoLC)2469236
040 ## - CATALOGING SOURCE
Original cataloging agency DLC
Transcribing agency NFredU
Modifying agency Uk
-- DLC
-- BD-JhCC
041 ## - LANGUAGE CODE
Language code of Book eng
050 00 - LIBRARY OF CONGRESS CALL NUMBER
Classification number PN4775
Item number .R48
082 ## - DEWEY DECIMAL CLASSIFICATION NUMBER
Author mark and Year ROB 1956
100 1# - MAIN ENTRY--PERSONAL NAME
Personal name Robbins, Alan Pitt,
Dates associated with a name 1888-
245 10 - TITLE STATEMENT
Title Newspapers to-day /
Statement of responsibility, etc Alan Pitt Robbins,
260 ## - PUBLICATION, DISTRIBUTION, ETC. (IMPRINT)
Place of publication, distribution, etc [London]
Name of publisher, distributor, etc Oxford University Press,
Date of publication, distribution, etc 1956.
300 ## - PHYSICAL DESCRIPTION
Pagination 142 p.
Other physical details illus.
Dimensions 23 cm.
490 0# - SERIES STATEMENT
Series statement The Pageant of progress,
Volume number/sequential designation 21
650 #0 - SUBJECT ADDED ENTRY--TOPICAL TERM
Topical term or geographic name as entry element Journalism.
650 #0 - SUBJECT ADDED ENTRY--TOPICAL TERM
Topical term or geographic name as entry element Journalism
Geographic subdivision Great Britain.
942 ## - ADDED ENTRY ELEMENTS (KOHA)
Source of classification or shelving scheme Dewey Decimal Classification
Koha item type Books
Holdings
Source of classification or shelving scheme Damaged status Not for loan Home library Current library Shelving location Date of accession Full call number Barcode Date last seen Copy number Method of acquisition Koha item type
Dewey Decimal Classification     JCC Rouf Library JCC Rouf Library General Stacks 10/30/2023 338.7613 ROB 1956 10405 02/15/2018 C - 1 Purchase Books

JCC Library | Contacts | JCC Home

Last Update on 23 September 2017
Copyright @ 2017-2020 JCC Rouf Library
Rouf Library, Jhenidah Cadet College (JCC), Bangladesh